Statistiques concernant Préfectures françaises par ordre alphabétique

Cliquez ici pour prendre le quiz!

Statistiques générales

  • Ce quiz a été pris 83 fois
  • Le résultat moyen est 77 sur 101

Statistiques - réponses

RégionRéponse% Correct
CorseAjaccio
100%
Hauts de FranceAmiens
86%
CorseBastia
83%
Nouvelle AquitaineBordeaux
83%
Nouvelle AquitaineAgen
82%
Pays de la LoireAngers
82%
Provence Alpes Cote d'AzurAvignon
82%
NormandieCaen
82%
NormandieAlençon
81%
Auvergne-Rhone-AlpesAnnecy
81%
Bourgogne-Franche-ComtéBelfort
81%
Bourgogne-Franche-ComtéBesançon
81%
Hauts de FranceLille
81%
Hauts de FranceBeauvais
79%
Grand EstNancy
79%
Pays de la LoireNantes
79%
BretagneRennes
79%
BretagneVannes
79%
Ile-de-FranceVersailles
79%
Bourgogne-Franche-ComtéAuxerre
78%
Auvergne-Rhone-AlpesBourg-en-Bresse
78%
Auvergne-Rhone-AlpesChambery
78%
Nouvelle AquitaineLimoges
78%
Provence Alpes Cote d'AzurMarseille
78%
Provence Alpes Cote d'AzurNice
78%
BretagneQuimper
78%
OccitanieToulouse
78%
Hauts de FranceArras
77%
Centre Val-de-LoireBourges
77%
DROM-TOMCayenne
77%
Bourgogne-Franche-ComtéDijon
77%
NormandieEvreux
77%
Ile-de-FranceEvry-Courcouronnes
77%
DROM-TOMFort-de-France
77%
Auvergne-Rhone-AlpesGrenoble
77%
Pays de la LoireLa-Roche-sur-Yon
77%
Grand EstMetz
77%
OccitanieMontpellier
77%
Ile-de-FranceNanterre
77%
Bourgogne-Franche-ComtéNevers
77%
OccitanieNimes
77%
Centre Val-de-LoireOrleans
77%
Nouvelle AquitainePoitiers
77%
BretagneSaint-Brieuc
77%
DROM-TOMSaint-Denis
77%
Grand EstStrasbourg
77%
Provence Alpes Cote d'AzurToulon
77%
Auvergne-Rhone-AlpesValence
77%
OccitanieAlbi
75%
Grand EstBar-le-Duc
75%
Centre Val-de-LoireBlois
75%
Ile-de-FranceBobigny
75%
OccitanieCahors
75%
Centre Val-de-LoireChartres
75%
Grand EstColmar
75%
Provence Alpes Cote d'AzurGap
75%
Auvergne-Rhone-AlpesLyon
75%
Ile-de-FranceMelun
75%
Nouvelle AquitaineNiort
75%
Ile-de-FranceParis
75%
Nouvelle AquitainePau
75%
Nouvelle AquitainePerigueux
75%
OccitanieRodez
75%
NormandieRouen
75%
NormandieSaint-Lo
75%
Centre Val-de-LoireTours
75%
Bourgogne-Franche-ComtéVesoul
75%
Nouvelle AquitaineAngouleme
74%
DROM-TOMBasse-Terre
74%
OccitanieCarcassonne
74%
Grand EstCharleville-Mézières
74%
Provence Alpes Cote d'AzurDigne-les-Bains
74%
Grand EstEpinal
74%
Hauts de FranceLaon
74%
Nouvelle AquitaineLa Rochelle
74%
Pays de la LoireLe Mans
74%
DROM-TOMMamoudzou
74%
OccitaniePerpignan
74%
Auvergne-Rhone-AlpesSaint-Etienne
74%
Ile-de-FranceCergy-Pontoise
73%
Ile-de-FranceCréteil
73%
OccitanieFoix
73%
Nouvelle AquitaineGueret
73%
OccitanieMende
73%
OccitanieMontauban
73%
Nouvelle AquitaineMont-de-Marsan
73%
OccitanieTarbes
73%
Grand EstTroyes
73%
Nouvelle AquitaineTulle
73%
Auvergne-Rhone-AlpesAurillac
71%
Grand EstChalons-en-Champagne
71%
Centre Val-de-LoireChateauroux
71%
Auvergne-Rhone-AlpesLe-Puy-en-Velay
71%
Auvergne-Rhone-AlpesClermont-Ferrand
70%
Pays de la LoireLaval
70%
Bourgogne-Franche-ComtéLons-le-Saunier
70%
Bourgogne-Franche-ComtéMacon
70%
Auvergne-Rhone-AlpesPrivas
70%
OccitanieAuch
69%
Auvergne-Rhone-AlpesMoulins
68%
Grand EstChaumont
66%

Distribution des résultats

Percentile par nombre de réponses

% des personnes avec chaque résultat

Votre développement - résultats

Vous n’avez pas pris ce quiz